000 00282nam a2200097Ia 4500
001 655329
005 20250826154535.0
008 250824s9999 xx 000 0 und d
245 0 _aVATAN YAHUT SİLİSTRE ANTİK OKUL KLASİKLERİ
_cNAMIK KEMAL
260 _bANTİK DÜNYA KLASİKLERİ
999 _c655329
_d655329